|
|
|
|
| LEADER |
00000naa2a2200000 4500 |
| 001 |
422131 |
| 005 |
20241014090723.0 |
| 035 |
|
|
|a (RuTPU)RU\TPU\prd\79960
|
| 035 |
|
|
|a RU\TPU\tpu\12547
|
| 090 |
|
|
|a 422131
|
| 100 |
|
|
|a 20100408a1988 k y0rusy50 ca
|
| 101 |
0 |
|
|a rus
|
| 102 |
|
|
|a RU
|
| 200 |
1 |
|
|a Образование центров окраски в сильновозбужденных кристаллах KCl
|f И. П. Денисов, В. А. Кравченко, В. Ю. Яковлев
|
| 320 |
|
|
|a Библиогр.: 9 назв.
|
| 461 |
|
0 |
|0 (RuTPU)RU\TPU\prd\409
|x 0367-3294
|t Физика твердого тела
|f Академия наук СССР
|d 1959-
|
| 463 |
|
0 |
|0 (RuTPU)RU\TPU\prd\79959
|t Т. 30, № 6
|v с. 1610-1613
|d 1988
|
| 610 |
1 |
|
|a центры окраски
|
| 610 |
1 |
|
|a образование
|
| 610 |
1 |
|
|a калий хлор
|
| 610 |
1 |
|
|a сильновозбужденные кристаллы
|
| 610 |
1 |
|
|a труды учёных ТПУ
|
| 700 |
|
1 |
|a Денисов
|b И. П.
|c специалист в области светотехники
|c заведующий лабораторией Томского политехнического университета
|f 1948-
|g Игорь Петрович
|y Томск
|7 ca
|8 rus
|3 (RuTPU)RU\TPU\pers\28165
|9 13123
|
| 701 |
|
1 |
|a Кравченко
|b В. А.
|
| 701 |
|
1 |
|a Яковлев
|b В. Ю.
|c специалист в области светотехники
|c профессор Томского политехнического университета, доктор физико-математических наук
|f 1949-
|g Виктор Юрьевич
|3 (RuTPU)RU\TPU\pers\22024
|9 9321
|
| 712 |
0 |
2 |
|a Национальный исследовательский Томский политехнический университет
|c (2009- )
|9 26305
|
| 801 |
|
1 |
|a RU
|b 63413507
|c 20050701
|g PSBO
|
| 801 |
|
2 |
|a RU
|b 63413507
|c 20170124
|g RCR
|
| 942 |
|
|
|c BK
|